000
00372nam a2200145Ia 4500
008
231129s1999||||xx |||||||||||||| ||spa||
020
_a
956-239-093-4
040
_b
spa
082
_a
Ch863 F958p
100
_a
Fuguet Alberto
245
0
_a
Por favor rebobinar
260
_c
1999
264
_a
Chile : Alfaguara
942
_2
ddc
_c
BKS
999
_c
23050
_d
23050